000 00522nam a2200181Ia 4500
003 OSt
005 20200212104046.0
008 190216s9999||||xx |||||||||||||| ||und||
040 _coclc
082 _a290
_bMAK/S
100 _aMakhdoom, Sheikh Zainudheen
_91925
245 0 _aTuhfatul Mujahideen /
_cSheikh Zainudheen Makdhoom
250 _a6th ed.
260 _bAlhuda Book Stall,
_c2013.
_aCalicut:
300 _a176p
650 _xIslamic History
942 _cBK
_2ddc
_h290
_iMAK/S
_k290
_mMAK/S
999 _c23052
_d23052